000 00639nam a2200217Ii 4500
003 JO-AjNU
008 230606s9999||||xx |||||||||||||| ||und||
020 _a978-1-133-10867-2/1-133-10867-9
040 _aJO-AjNU
_beng
_erda
_cJO-AjNU
041 _aeng
050 1 4 _aTA710.D264.2014
100 3 _aDas,Braja/Khaled Sobhan,
_eauthor
_95089
245 0 0 _aPrincipes of Geotechnical Engineering
250 _a8 ed
264 3 1 _aTokyo: Cengage Learning,2014
300 _a720p
336 _atext
_btxt
_2rdacontent
337 _aunmediated
_bn
_2rdamedia
338 _avolume
_bnc
_2rdacarrier
650 4 _a Geotechnical Engineering
_95090
999 _aE2632
_c2630
_d2630